| 000 | 00605nam a2200181Ia 4500 | ||
|---|---|---|---|
| 005 | 20260429112237.0 | ||
| 008 | 260429s9999||||xx |||||||||||||| ||und|| | ||
| 020 | _a9789389127822 | ||
| 041 | _aHindi | ||
| 082 |
_a891.432 _bDEV |
||
| 100 | _aदेवागन, चंद्रशेखर | ||
| 245 | 0 |
_aहबीब तनवीर की रंग दृष्टि / _cचंद्रशेखर देवागन |
|
| 250 | _a1st ed. | ||
| 260 |
_aनई दिल्ली : _bप्रकाशन संस्थान, _c2020. |
||
| 300 | _a383 p.; Hb | ||
| 650 | _aDrama | ||
| 942 | _cTB | ||
| 999 |
_c53086 _d53086 |
||